| 000 | 00794nam a2200229 a 4500 | ||
|---|---|---|---|
| 001 | BRCA_5180 | ||
| 005 | 20190320204955.0 | ||
| 008 | 831214s1954 sp-a#####c---#000-0#spa-# | ||
| 041 | _aspa | ||
| 044 | _asp | ||
| 050 | 4 |
_aNK7215 _b.T46 1954 |
|
| 100 | 1 |
_aTemboury Álvarez, Juan _913248 |
|
| 245 | 1 | 0 |
_aLa orfebrería religiosa en Málaga _bensayo de catalogación _cJuan Temboury Álvarez. |
| 260 |
_aMálaga, España _bAyuntamiento de Málaga _c1954 |
||
| 300 |
_a403 p _bil., láminas _c24 cm. |
||
| 500 | _aIncluye índice de ilustraciones, índice de plateros, índice temático, índice geográfico e índice onomástico | ||
| 500 | _aDD71 | ||
| 650 | 1 | 4 |
_aOrfebrería _xReligión _zEspaña _913249 |
| 650 | 1 | 4 |
_aMarcas del contraste _xPlatería _913250 |
| 902 | _aGFM | ||
| 942 |
_2lcc _cB |
||
| 999 |
_c4874 _d4874 |
||